000 00872nam a22002897a 4500
003 CHAP
005 20220329134213.0
008 971013s1982 r 00010 d
010 _a16932
011 _a17904
035 _a21988
040 _cCHAP
082 _a334
_bJ3
100 0 0 _aJaramillo Machinandiarena, Ana.
_961126
245 _aGestión cooperativa en la producción
260 _aMéxico, D.F., :
_bInstituto Nacional de Estudios deltrabajo,
_c1982
300 _a172 p.
_b: ilus
490 _aCuadernos INET
_v; 17
590 _aBATCH-UPD
_b10
_c20130110
_lUCH01
_h1952
590 _aCONVERSION
_b10
_c20130109
_lUCH01
_h1310
650 1 4 _aCooperativismo.
_927786
650 1 4 _aProductividad.
_991868
830 0 _aCuadernos INET
_v; 17
_929865
901 _aBK
942 _cLIBRO
949 _a334 J3
_bBC
_cLIBRO
_d33724000334454
_eLIBRO
_h73747
_i21988
_mD
_si
999 _c16932
_d16932